[Event "Central London Minor"]
[Site "London"]
[Date "2022.11.04"]
[Round "1.2"]
[White "Gill, Gursharanjit S"]
[Black "Dietrich, Florian"]
[Result "0-1"]
[WhiteElo "1584"]
[BlackElo "1518"]
[PlyCount "70"]
[EventDate "2022.11.04"]
[EventType "swiss"]
[EventRounds "5"]
[EventCountry "ENG"]
[SourceTitle "BritBase"]
[Source "John Saunders"]
[SourceDate "2023.06.01"]
[SourceVersion "1"]
[SourceVersionDate "2023.06.01"]
[SourceQuality "1"]

1. c4 c5 2. Nc3 Nc6 3. g3 e6 4. Bg2 Nge7 5. e4 g6 6. d3 Bg7 7. Be3 d6 8. Nge2
O-O 9. Qd2 Ne5 10. h3 f5 11. b3 Nf7 12. Rd1 Qa5 13. O-O Rb8 14. d4 fxe4 15.
Nxe4 Qxd2 16. Rxd2 b6 17. dxc5 dxc5 18. g4 Bb7 19. Rfd1 Bxe4 20. Bxe4 Ne5 21.
Nf4 Bh6 22. Nxe6 Bxe3 23. fxe3 Rf6 24. Nf4 g5 25. Nd5 Nxd5 26. Bxd5+ Kg7 27.
Kg2 h5 28. gxh5 Rh8 29. Rf2 Rxf2+ 30. Kxf2 Kh6 31. Kg3 Kxh5 32. Be4 Re8 33. Bf5
Nc6 34. Re1 Nd4 35. Bg4+ Kg6 0-1

[Event "Central London Minor"]
[Site "London"]
[Date "2022.11.04"]
[Round "1.3"]
[White "Sloan, Cecil"]
[Black "Tierney, John"]
[Result "1-0"]
[WhiteElo "1503"]
[BlackElo "1302"]
[PlyCount "63"]
[EventDate "2022.11.04"]
[EventType "swiss"]
[EventRounds "5"]
[EventCountry "ENG"]
[SourceTitle "BritBase"]
[Source "John Saunders"]
[SourceDate "2023.06.01"]
[SourceVersion "1"]
[SourceVersionDate "2023.06.01"]
[SourceQuality "1"]

1. e4 e5 2. d4 exd4 3. Qxd4 Nc6 4. Qe3 Bd6 5. Nc3 Nf6 6. f3 Nb4 7. Bd3 a5 8.
Bd2 Nc6 9. O-O-O b6 10. Nge2 O-O 11. Qg5 Ne5 12. Ng3 h6 13. Qh4 Be7 14. Nf5 Ng6
15. Nxe7+ Qxe7 16. Qg3 c6 17. Rhe1 d6 18. Qf2 Ne5 19. Be2 b5 20. f4 Neg4 21.
Qg3 b4 22. Bxg4 Bxg4 23. Ne2 Qe6 24. Kb1 c5 25. h3 Nxe4 26. Qe3 Bf5 27. g4
Nxd2+ 28. Qxd2 Be4 29. f5 Qd7 30. Ng3 Bc6 31. f6 g6 32. Qxh6 1-0

[Event "Central London Minor"]
[Site "London"]
[Date "2022.11.04"]
[Round "1.4"]
[White "Denney, Simon C"]
[Black "Merrifield, Peter"]
[Result "1-0"]
[WhiteElo "1472"]
[BlackElo "1073"]
[PlyCount "27"]
[EventDate "2022.11.04"]
[EventType "swiss"]
[EventRounds "5"]
[EventCountry "ENG"]
[SourceTitle "BritBase"]
[Source "John Saunders"]
[SourceDate "2023.06.01"]
[SourceVersion "1"]
[SourceVersionDate "2023.06.01"]
[SourceQuality "1"]

1. e4 d6 2. Nf3 Nf6 3. Nc3 g6 4. d4 e5 5. dxe5 dxe5 6. Qxd8+ Kxd8 7. Nxe5 Bg7
8. Nxf7+ Ke7 9. Nxh8 Bxh8 10. Bg5 Bg7 11. e5 Nbd7 12. exf6+ Nxf6 13. Bxf6+ Bxf6
14. Nd5+ 1-0

[Event "Central London Minor"]
[Site "London"]
[Date "2022.11.04"]
[Round "1.5"]
[White "McGann, John"]
[Black "Khan, Shahbaz"]
[Result "0-1"]
[WhiteElo "1189"]
[BlackElo "1643"]
[PlyCount "72"]
[EventDate "2022.11.04"]
[EventType "swiss"]
[EventRounds "5"]
[EventCountry "ENG"]
[SourceTitle "BritBase"]
[Source "John Saunders"]
[SourceDate "2023.06.01"]
[SourceVersion "1"]
[SourceVersionDate "2023.06.01"]
[SourceQuality "1"]

1. e4 e5 2. Nf3 Nc6 3. Bc4 Nf6 4. Nc3 Bc5 5. O-O O-O 6. d3 Na5 7. Bb3 Re8 8.
Ng5 Nxb3 9. axb3 c6 10. Na4 Bf8 11. f4 d5 12. fxe5 Rxe5 13. Bf4 Re8 14. e5 Ng4
15. d4 b5 16. Qd3 g6 17. Nxf7 Qh4 18. Bg3 Qh5 19. Nc5 Bxc5 20. dxc5 Bf5 21. Qd4
Kxf7 22. Qf4 Rxe5 23. Ra6 Rae8 24. Rxa7+ R8e7 25. Ra6 R5e6 26. Qb8 Qg5 27. Ra8
Re8 28. Qb7+ Qe7 29. Qa6 Rxa8 30. Qxa8 Qxc5+ 31. Kh1 Nf2+ 32. Bxf2 Qxf2 33.
Qb7+ Kf6 34. Rg1 Re1 35. Qxc6+ Kg5 36. Rxe1 Qxe1# 0-1

[Event "Central London Minor"]
[Site "London"]
[Date "2022.11.05"]
[Round "2.1"]
[White "Carter, John"]
[Black "Denney, Simon C"]
[Result "1-0"]
[WhiteElo "1641"]
[BlackElo "1472"]
[PlyCount "59"]
[EventDate "2022.11.04"]
[EventType "swiss"]
[EventRounds "5"]
[EventCountry "ENG"]
[SourceTitle "BritBase"]
[Source "John Saunders"]
[SourceDate "2023.06.01"]
[SourceVersion "1"]
[SourceVersionDate "2023.06.01"]
[SourceQuality "1"]

1. c4 e6 2. Nf3 f5 3. g3 Nf6 4. Bg2 Be7 5. O-O O-O 6. Nc3 d6 7. d4 a5 8. b3 Bd7
9. Bb2 Be8 10. Ng5 Qc8 11. d5 Nxd5 12. Nxe6 Nxc3 13. Bxc3 Rf7 14. Nf4 Bc6 15.
Nd5 Bg5 16. h4 Bh6 17. Bh3 Nd7 18. Bxf5 Bxd5 19. Qxd5 c6 20. Qd3 Qe8 21. Bxh7+
Kh8 22. Bg6 Ne5 23. Bxe5 dxe5 24. Rad1 Qe7 25. Bxf7 Qxf7 26. Qd7 Qh5 27. Qxb7
Rf8 28. Qe7 Rf7 29. Qe8+ Kh7 30. Rd7 1-0

[Event "Central London Minor"]
[Site "London"]
[Date "2022.11.05"]
[Round "2.2"]
[White "Amabile, Domenico"]
[Black "Sloan, Cecil"]
[Result "1/2-1/2"]
[WhiteElo "1589"]
[BlackElo "1503"]
[PlyCount "33"]
[EventDate "2022.11.04"]
[EventType "swiss"]
[EventRounds "5"]
[EventCountry "ENG"]
[SourceTitle "BritBase"]
[Source "John Saunders"]
[SourceDate "2023.06.01"]
[SourceVersion "1"]
[SourceVersionDate "2023.06.01"]
[SourceQuality "1"]

1. d4 Nf6 2. Bf4 c5 3. c3 Qb6 4. Qd2 d5 5. e3 Bf5 6. Be2 e6 7. Nf3 Ne4 8. Qc1
Bd6 9. Bxd6 Qxd6 10. O-O O-O 11. Nbd2 Nd7 12. Nh4 Bg6 13. Nxg6 Nxd2 14. Qxd2
hxg6 15. Bf3 Nf6 16. dxc5 Qxc5 17. Qd4 1/2-1/2

[Event "Central London Minor"]
[Site "London"]
[Date "2022.11.05"]
[Round "2.3"]
[White "Khan, Shahbaz"]
[Black "Tree, Djuna"]
[Result "0-1"]
[WhiteElo "1643"]
[BlackElo "1243"]
[PlyCount "50"]
[EventDate "2022.11.04"]
[EventType "swiss"]
[EventRounds "5"]
[EventCountry "ENG"]
[SourceTitle "BritBase"]
[Source "John Saunders"]
[SourceDate "2023.06.01"]
[SourceVersion "1"]
[SourceVersionDate "2023.06.01"]
[SourceQuality "1"]

1. e4 c5 2. Nf3 e6 3. c3 d5 4. exd5 exd5 5. d4 Nf6 6. Bg5 h6 7. Bh4 Be6 8. Bb5+
Nbd7 9. Ne5 cxd4 10. Qxd4 Be7 11. Nxd7 Bxd7 12. Bxf6 Bxf6 13. Qxd5 Qe7+ 14. Kd1
Rd8 15. Nd2 O-O 16. Bxd7 Rxd7 17. Qxd7 Qxd7 18. Kc2 Rd8 19. Rad1 Qf5+ 20. Kc1
Bg5 21. f4 Qxf4 22. Rhf1 Qe3 23. Rf3 Qe2 24. Kc2 Rxd2+ 25. Rxd2 Qxd2+ 0-1

[Event "Central London Minor"]
[Site "London"]
[Date "2022.11.05"]
[Round "2.4"]
[White "Dietrich, Florian"]
[Black "Wessels, Hendrik"]
[Result "1-0"]
[WhiteElo "1518"]
[BlackElo "1709"]
[PlyCount "103"]
[EventDate "2022.11.04"]
[EventType "swiss"]
[EventRounds "5"]
[EventCountry "ENG"]
[SourceTitle "BritBase"]
[Source "John Saunders"]
[SourceDate "2023.06.01"]
[SourceVersion "1"]
[SourceVersionDate "2023.06.01"]
[SourceQuality "1"]

1. e4 e6 2. Nc3 d5 3. d4 Nf6 4. e5 Nfd7 5. f4 c5 6. Nf3 Nc6 7. Be3 Qb6 8. Be2
cxd4 9. Bxd4 Nxd4 10. Nxd4 a6 11. Nb3 Bb4 12. Qd2 Nc5 13. Nxc5 Bxc5 14. Na4
Bf2+ 15. Kf1 Qe3 16. Qxe3 Bxe3 17. g3 b5 18. Nc3 Bb7 19. Bf3 Bd4 20. Ke2 Rc8
21. Kd3 Ba7 22. Ne2 O-O 23. c3 f6 24. Bg4 f5 25. Bf3 Kf7 26. h4 g6 27. Nd4 Bxd4
28. Kxd4 Rc4+ 29. Kd3 b4 30. a3 bxc3 31. bxc3 a5 32. Kd2 Rfc8 33. Rhc1 Ba6 34.
Be2 R4c6 35. Bxa6 Rxa6 36. Rab1 Ra7 37. Rb5 Ke7 38. Rcb1 Kd7 39. Rb7+ Rxb7 40.
Rxb7+ Rc7 41. Rb5 Ra7 42. Kd3 Kc6 43. c4 Ra6 44. Kd4 a4 45. Rc5+ Kd7 46. cxd5
exd5 47. Kxd5 h6 48. Rb5 Kc7 49. e6 Rd6+ 50. Ke5 Rd3 51. Kf6 Re3 52. Re5 1-0

[Event "Central London Minor"]
[Site "London"]
[Date "2022.11.05"]
[Round "2.6"]
[White "Rahman, Imran"]
[Black "Haddock, Paul"]
[Result "1-0"]
[WhiteElo "1722"]
[BlackElo "1418"]
[PlyCount "49"]
[EventDate "2022.11.04"]
[EventType "swiss"]
[EventRounds "5"]
[EventCountry "ENG"]
[SourceTitle "BritBase"]
[Source "John Saunders"]
[SourceDate "2023.06.01"]
[SourceVersion "1"]
[SourceVersionDate "2023.06.01"]
[SourceQuality "1"]

1. e4 c5 2. Nf3 d6 3. d4 cxd4 4. Nxd4 Nf6 5. Nc3 g6 6. Be2 Bg7 7. Be3 Nc6 8. f3
Bd7 9. Qd2 O-O 10. g4 Nxd4 11. Bxd4 Qa5 12. g5 Nh5 13. Bxg7 Nxg7 14. O-O-O Be6
15. Kb1 Qc5 16. f4 Rfc8 17. h4 Nh5 18. Bxh5 gxh5 19. f5 Bc4 20. Rhg1 b5 21. g6
hxg6 22. fxg6 f6 23. Qh6 e5 24. Qh7+ Kf8 25. g7+ 1-0

[Event "Central London Minor"]
[Site "London"]
[Date "2022.11.05"]
[Round "2.8"]
[White "Tierney, John"]
[Black "Walshe, William"]
[Result "0-1"]
[WhiteElo "1302"]
[BlackElo "1523"]
[PlyCount "54"]
[EventDate "2022.11.04"]
[EventType "swiss"]
[EventRounds "5"]
[EventCountry "ENG"]
[SourceTitle "BritBase"]
[Source "John Saunders"]
[SourceDate "2023.06.01"]
[SourceVersion "1"]
[SourceVersionDate "2023.06.01"]
[SourceQuality "1"]

1. e4 e5 2. Nf3 Nc6 3. Bc4 Bc5 4. c3 d6 5. O-O Bg4 6. d4 exd4 7. cxd4 Nxd4 8.
Nbd2 Nxf3+ 9. Nxf3 Qf6 10. Qb3 Bb6 11. Bg5 Qg6 12. Rfe1 Bxf3 13. Bxf7+ Qxf7 14.
Qxf7+ Kxf7 15. gxf3 h6 16. Bh4 g5 17. Bg3 Nf6 18. e5 dxe5 19. Rxe5 Rhe8 20. Rf5
Kg6 21. Rb5 Nh5 22. Be5 c6 23. Rb3 Rxe5 24. Rd3 Rae8 25. Rd6+ R5e6 26. Rd7 R8e7
27. Rd8 Bxd8 0-1

[Event "Central London Minor"]
[Site "London"]
[Date "2022.11.05"]
[Round "2.9"]
[White "Merrifield, Peter"]
[Black "Gill, Gursharanjit S"]
[Result "0-1"]
[WhiteElo "1073"]
[BlackElo "1584"]
[PlyCount "66"]
[EventDate "2022.11.04"]
[EventType "swiss"]
[EventRounds "5"]
[EventCountry "ENG"]
[SourceTitle "BritBase"]
[Source "John Saunders"]
[SourceDate "2023.06.01"]
[SourceVersion "1"]
[SourceVersionDate "2023.06.01"]
[SourceQuality "1"]

1. e4 c5 2. Nf3 g6 3. d4 cxd4 4. Nxd4 Bg7 5. Nc3 Nc6 6. Be3 a6 7. Bc4 Nf6 8.
O-O O-O 9. a3 Qc7 10. Ba2 d6 11. Nd5 Nxd5 12. exd5 Nxd4 13. Bxd4 Bxd4 14. Qxd4
Qxc2 15. Rac1 Qf5 16. Rfe1 Re8 17. Re3 Qd7 18. Rec3 Qb5 19. Rb3 Qa5 20. Kf1 b5
21. Rd1 Bf5 22. Qb4 Qb6 23. Qd4 Qb7 24. Rc3 Rac8 25. Rdc1 Rxc3 26. Rxc3 Rc8 27.
Qe3 a5 28. b4 axb4 29. axb4 Ra8 30. Ra3 Ra4 31. Qb3 Qa7 32. Rxa4 Qxa4 33. Qb2
Qd1# 0-1

[Event "Central London Minor"]
[Site "London"]
[Date "2022.11.05"]
[Round "3.1"]
[White "Tree, Djuna"]
[Black "Dietrich, Florian"]
[Result "1/2-1/2"]
[WhiteElo "1243"]
[BlackElo "1518"]
[PlyCount "85"]
[EventDate "2022.11.04"]
[EventType "swiss"]
[EventRounds "5"]
[EventCountry "ENG"]
[SourceTitle "BritBase"]
[Source "John Saunders"]
[SourceDate "2023.06.01"]
[SourceVersion "1"]
[SourceVersionDate "2023.06.01"]
[SourceQuality "1"]

1. e4 c6 2. d4 d5 3. exd5 cxd5 4. c4 Nf6 5. Nc3 Nc6 6. Nf3 Bg4 7. cxd5 Nxd5 8.
Qb3 Bxf3 9. gxf3 Nxc3 10. bxc3 Qb6 11. Qxb6 axb6 12. Bb5 Kd8 13. Bd2 e6 14. a4
Bd6 15. O-O Re8 16. Rfb1 Kc7 17. Kg2 Red8 18. Be3 Ne7 19. Bd3 Nd5 20. Bg5 f6
21. Bd2 Nf4+ 22. Bxf4 Bxf4 23. Rb4 Rd6 24. Rc4+ Rc6 25. h3 Rxc4 26. Bxc4 e5 27.
d5 Kd6 28. Bb3 b5 29. Ra2 bxa4 30. Bxa4 b5 31. Bb3 Rxa2 32. Bxa2 Bd2 33. c4
bxc4 34. Bxc4 Bf4 35. Kf1 f5 36. Ke2 e4 37. Ba2 Ke5 38. Bb3 Bc1 39. Ba2 exf3+
40. Kxf3 Ba3 41. Kg3 Bc5 42. f3 Bd6 43. f4+ 1/2-1/2

[Event "Central London Minor"]
[Site "London"]
[Date "2022.11.05"]
[Round "3.2"]
[White "Sloan, Cecil"]
[Black "Carter, John"]
[Result "1/2-1/2"]
[WhiteElo "1503"]
[BlackElo "1641"]
[PlyCount "96"]
[EventDate "2022.11.04"]
[EventType "swiss"]
[EventRounds "5"]
[EventCountry "ENG"]
[SourceTitle "BritBase"]
[Source "John Saunders"]
[SourceDate "2023.06.01"]
[SourceVersion "1"]
[SourceVersionDate "2023.06.01"]
[SourceQuality "1"]

1. e4 e5 2. d4 exd4 3. Qxd4 Nc6 4. Qe3 Bb4+ 5. Nc3 Qe7 6. Bd2 Nf6 7. O-O-O d6
8. f3 Be6 9. g4 Bc5 10. Qe2 Nd4 11. Qg2 O-O-O 12. Nge2 Kb8 13. Nxd4 Bxd4 14.
Be2 d5 15. g5 Bxc3 16. Bxc3 Nh5 17. Bd2 dxe4 18. f4 Rxd2 19. Rxd2 Nxf4 20. Qxe4
Qxg5 21. Rf1 Nxe2+ 22. Qxe2 Rd8 23. Rfd1 a6 24. Kb1 Re8 25. Qf2 Qa5 26. Rd8+
Rxd8 27. Rxd8+ Bc8 28. b3 Qg5 29. Qd2 Qxd2 30. Rxd2 c6 31. Rd8 Kc7 32. Rd2 Bd7
33. Kb2 g5 34. Kc3 h5 35. Kd4 Kd6 36. Ke4+ Ke6 37. Kf3 f5 38. Re2+ Kf6 39. h4
g4+ 40. Kf4 Be6 41. Re5 b5 42. a3 a5 43. b4 axb4 44. axb4 Bd7 45. c3 Be6 46.
Re3 Bd5 47. Re8 Be4 48. Rh8 Kg6 1/2-1/2

[Event "Central London Minor"]
[Site "London"]
[Date "2022.11.05"]
[Round "3.3"]
[White "Bynnersley, Anthony G"]
[Black "Rahman, Imran"]
[Result "0-1"]
[WhiteElo "1437"]
[BlackElo "1722"]
[PlyCount "102"]
[EventDate "2022.11.04"]
[EventType "swiss"]
[EventRounds "5"]
[EventCountry "ENG"]
[SourceTitle "BritBase"]
[Source "John Saunders"]
[SourceDate "2023.06.01"]
[SourceVersion "1"]
[SourceVersionDate "2023.06.01"]
[SourceQuality "1"]

1. e4 e5 2. Nf3 Nc6 3. Bb5 a6 4. Ba4 Nf6 5. d3 b5 6. Bb3 Be7 7. O-O d6 8. h3
O-O 9. c3 Na5 10. Bc2 c5 11. d4 cxd4 12. cxd4 Qc7 13. Nc3 Bb7 14. d5 Rac8 15.
Bd3 Ne8 16. a3 Nc4 17. Qe2 Nb6 18. Be3 Nf6 19. Nd2 Nfd7 20. Rac1 Qd8 21. Qg4 f5
22. exf5 Nf6 23. Qe2 Nbxd5 24. Nxd5 Bxd5 25. f3 Bb7 26. Bg5 Nh5 27. Bxe7 Qxe7
28. Qf2 d5 29. Bb1 Nf4 30. Kh2 d4 31. Be4 Rxc1 32. Rxc1 Bxe4 33. fxe4 Nd3 34.
Qf1 Nxc1 35. Qxc1 Qd6 36. Nf3 Rd8 37. Qc2 h6 38. Qb3+ Kh7 39. Qd3 Qc5 40. Nh4
Qd6 41. Nf3 Rc8 42. h4 Rc7 43. g4 Qc5 44. g5 Qc2+ 45. Qxc2 Rxc2+ 46. Kg3 d3 47.
Nxe5 d2 48. f6 gxf6 49. gxf6 d1=Q 50. Nf3 Rxb2 51. Kf4 Rf2 0-1

[Event "Central London Minor"]
[Site "London"]
[Date "2022.11.05"]
[Round "3.6"]
[White "Gill, Gursharanjit S"]
[Black "Amabile, Domenico"]
[Result "0-1"]
[WhiteElo "1584"]
[BlackElo "1589"]
[PlyCount "72"]
[EventDate "2022.11.04"]
[EventType "swiss"]
[EventRounds "5"]
[EventCountry "ENG"]
[SourceTitle "BritBase"]
[Source "John Saunders"]
[SourceDate "2023.06.01"]
[SourceVersion "1"]
[SourceVersionDate "2023.06.01"]
[SourceQuality "1"]

1. c4 Nf6 2. Nc3 g6 3. g3 Bg7 4. Bg2 O-O 5. e4 d6 6. h3 c6 7. Nge2 Nbd7 8. d3
Qc7 9. O-O b6 10. Be3 Bb7 11. Qd2 Rfe8 12. Rab1 Rad8 13. b4 c5 14. f4 e6 15.
Nb5 Qb8 16. Nxd6 Qxd6 17. e5 Qc7 18. Bxb7 Qxb7 19. exf6 Nxf6 20. bxc5 Qc6 21.
cxb6 axb6 22. Rxb6 Qc8 23. Qc2 Nd5 24. Qc1 Nxb6 25. Bxb6 Rxd3 26. Rd1 Rxd1+ 27.
Qxd1 Qxc4 28. a4 Qc6 29. a5 Bf8 30. Qd4 Qf3 31. Qd2 Qc6 32. Kh2 e5 33. f5 e4
34. fxg6 hxg6 35. h4 e3 36. Bxe3 Qf3 0-1

[Event "Central London Minor"]
[Site "London"]
[Date "2022.11.05"]
[Round "3.7"]
[White "Denney, Simon C"]
[Black "Khan, Shahbaz"]
[Result "0-1"]
[WhiteElo "1472"]
[BlackElo "1643"]
[PlyCount "82"]
[EventDate "2022.11.04"]
[EventType "swiss"]
[EventRounds "5"]
[EventCountry "ENG"]
[SourceTitle "BritBase"]
[Source "John Saunders"]
[SourceDate "2023.06.01"]
[SourceVersion "1"]
[SourceVersionDate "2023.06.01"]
[SourceQuality "1"]

1. e4 e5 2. Nf3 Nc6 3. d4 exd4 4. Bc4 Nf6 5. O-O Nxe4 6. Re1 d5 7. Bxd5 Qxd5 8.
Nc3 Qd8 9. Nxe4 Be7 10. Bg5 O-O 11. Bxe7 Qxe7 12. Neg5 Qf6 13. Qd2 Bf5 14. Ne4
Qg6 15. Nh4 Qg4 16. Nxf5 Qxf5 17. Ng3 Qf6 18. Re4 Rfe8 19. Rae1 Rxe4 20. Rxe4
Rd8 21. Qe2 g6 22. Re8+ Rxe8 23. Qxe8+ Kg7 24. Qe2 Qe6 25. Qb5 Qxa2 26. Qxb7
Qb1+ 27. Nf1 Qxc2 28. Qxc7 d3 29. g3 Qc5 30. Qd7 Ne5 31. Qb7 Qc1 32. Qe4 Qxb2
33. Ne3 d2 34. Qd5 Ng4 35. Nxg4 Qa1+ 36. Kg2 d1=Q 37. Qg5 Qf1+ 38. Kf3 Qad1+
39. Kf4 Qd4+ 40. Kf3 Qh1+ 41. Ke2 Qhd1# 0-1

[Event "Central London Minor"]
[Site "London"]
[Date "2022.11.05"]
[Round "3.8"]
[White "Wessels, Hendrik"]
[Black "Gillespie, Frank"]
[Result "1/2-1/2"]
[WhiteElo "1709"]
[BlackElo "1355"]
[PlyCount "92"]
[EventDate "2022.11.04"]
[EventType "swiss"]
[EventRounds "5"]
[EventCountry "ENG"]
[SourceTitle "BritBase"]
[Source "John Saunders"]
[SourceDate "2023.06.01"]
[SourceVersion "1"]
[SourceVersionDate "2023.06.01"]
[SourceQuality "1"]

1. e4 d5 2. exd5 Qxd5 3. Nc3 Qa5 4. d4 Nf6 5. Bd2 c6 6. Ne4 Qf5 7. Nxf6+ exf6
8. Nf3 Be7 9. Bd3 Qd5 10. Qe2 Be6 11. O-O O-O 12. c4 Qd8 13. Rfe1 Re8 14. Bc3
Na6 15. a3 Qd7 16. Qc2 g6 17. Re3 Nc7 18. Nd2 Rad8 19. Ne4 Bf5 20. Ng3 Bxd3 21.
Rxd3 f5 22. Ne2 Bf6 23. Qd2 Qe6 24. Nf4 Qxc4 25. b3 Qa6 26. Rh3 Bg5 27. d5 Rxd5
28. Nxd5 Bxd2 29. Nf6+ Kf8 30. Nxe8 Kxe8 31. Bxd2 h5 32. Re3+ Ne6 33. Bc3 Kf8
34. a4 b6 35. Rd1 Qc8 36. Red3 Ke8 37. Bf6 Qc7 38. Re1 Kf8 39. Be5 Qc8 40. Bf6
Ke8 41. Red1 Qc7 42. g3 c5 43. Re3 Kf8 44. Be5 Qc8 45. Red3 Ke8 46. Bf6 Qc7
1/2-1/2

[Event "Central London Minor"]
[Site "London"]
[Date "2022.11.06"]
[Round "4.1"]
[White "Rahman, Imran"]
[Black "Tree, Djuna"]
[Result "1/2-1/2"]
[WhiteElo "1722"]
[BlackElo "1243"]
[PlyCount "120"]
[EventDate "2022.11.04"]
[EventType "swiss"]
[EventRounds "5"]
[EventCountry "ENG"]
[SourceTitle "BritBase"]
[Source "John Saunders"]
[SourceDate "2023.06.01"]
[SourceVersion "1"]
[SourceVersionDate "2023.06.01"]
[SourceQuality "1"]

1. e4 c5 2. Nf3 e6 3. d4 cxd4 4. Nxd4 Nc6 5. Nc3 Qc7 6. Ndb5 Qb8 7. g3 d6 8.
Bf4 e5 9. Be3 a6 10. Na3 Nf6 11. Bg2 b5 12. Nd5 Nxd5 13. exd5 Ne7 14. Qd3 Bf5
15. Be4 g6 16. c4 bxc4 17. Nxc4 Qb5 18. Bd2 Bxe4 19. Qxe4 Qc5 20. b4 Qxd5 21.
Nxd6+ Kd7 22. Qxd5 Nxd5 23. Nxf7 Nxb4 24. Nxh8 Nc2+ 25. Ke2 Nxa1 26. Rxa1 Ke6
27. Nxg6 hxg6 28. Rb1 Bc5 29. Be3 Bxe3 30. Kxe3 Kf5 31. Rb6 Ra7 32. f3 Rc7 33.
g4+ Kg5 34. Rxa6 Rc3+ 35. Ke4 Rc2 36. h4+ Kxh4 37. Kxe5 g5 38. a4 Kg3 39. Rf6
Rc5+ 40. Ke6 Ra5 41. Kf7 Rxa4 42. Kg6 Kh4 43. Kh6 Ra3 44. Rf5 Re3 45. Kg6 Re6+
46. Rf6 Re3 47. f4 Kxg4 48. f5 Rf3 49. Rf8 Kh4 50. Rh8+ Kg3 51. f6 Rxf6+ 52.
Kxf6 Kf4 53. Rh5 g4 54. Rf5+ Ke3 55. Kg5 g3 56. Kh4 g2 57. Rg5 Kf2 58. Rf5+ Ke3
59. Rg5 Kf2 60. Rxg2+ Kxg2 1/2-1/2

[Event "Central London Minor"]
[Site "London"]
[Date "2022.11.06"]
[Round "4.2"]
[White "Dietrich, Florian"]
[Black "Carter, John"]
[Result "1/2-1/2"]
[WhiteElo "1518"]
[BlackElo "1641"]
[PlyCount "85"]
[EventDate "2022.11.04"]
[EventType "swiss"]
[EventRounds "5"]
[EventCountry "ENG"]
[SourceTitle "BritBase"]
[Source "John Saunders"]
[SourceDate "2023.06.01"]
[SourceVersion "1"]
[SourceVersionDate "2023.06.01"]
[SourceQuality "1"]

1. e4 e5 2. Nc3 Nf6 3. f4 d5 4. fxe5 Nxe4 5. Qf3 Nxc3 6. bxc3 Qh4+ 7. g3 Qe4+
8. Qxe4 dxe4 9. d4 exd3 10. cxd3 c5 11. Bg2 Nc6 12. Nf3 Bf5 13. d4 cxd4 14.
Nxd4 Nxd4 15. cxd4 Bb4+ 16. Bd2 Bxd2+ 17. Kxd2 O-O-O 18. Kc3 Be6 19. a3 Kb8 20.
Rab1 b6 21. Rb5 Rc8+ 22. Kd2 Bc4 23. Rb4 Rhd8 24. Ke3 Be6 25. Rd1 Rc3+ 26. Rd3
Rc2 27. d5 Rxg2 28. dxe6 Rxd3+ 29. Kxd3 fxe6 30. Rh4 h6 31. Rg4 g5 32. Rd4 Rxh2
33. Rd6 Rh3 34. Rxe6 Rxg3+ 35. Ke4 h5 36. Rd6 Kc7 37. Rd1 Rxa3 38. e6 Ra2 39.
Ke3 Ra5 40. Ke4 Ra2 41. Ke3 Ra5 42. Ke4 Ra2 43. Ke3 1/2-1/2

[Event "Central London Minor"]
[Site "London"]
[Date "2022.11.06"]
[Round "4.3"]
[White "Amabile, Domenico"]
[Black "Bynnersley, Anthony G"]
[Result "1-0"]
[WhiteElo "1589"]
[BlackElo "1437"]
[PlyCount "45"]
[EventDate "2022.11.04"]
[EventType "swiss"]
[EventRounds "5"]
[EventCountry "ENG"]
[SourceTitle "BritBase"]
[Source "John Saunders"]
[SourceDate "2023.06.01"]
[SourceVersion "1"]
[SourceVersionDate "2023.06.01"]
[SourceQuality "1"]

1. d4 Nf6 2. Bf4 e6 3. e3 d5 4. Nd2 c5 5. c3 Bd6 6. Bxd6 Qxd6 7. Bd3 O-O 8. f4
cxd4 9. cxd4 Bd7 10. Ngf3 Nc6 11. a3 Rfc8 12. O-O Qe7 13. Rc1 Be8 14. Qe2 a6
15. Rc2 Rc7 16. Rfc1 Rac8 17. Ne5 Nxe5 18. fxe5 Rxc2 19. Rxc2 Rxc2 20. Bxc2 Bb5
21. exf6 Qc7 22. Qg4 g6 23. Qf4 1-0

[Event "Central London Minor"]
[Site "London"]
[Date "2022.11.06"]
[Round "4.5"]
[White "Gillespie, Frank"]
[Black "McGann, John"]
[Result "0-1"]
[WhiteElo "1355"]
[BlackElo "1189"]
[PlyCount "58"]
[EventDate "2022.11.04"]
[EventType "swiss"]
[EventRounds "5"]
[EventCountry "ENG"]
[SourceTitle "BritBase"]
[Source "John Saunders"]
[SourceDate "2023.06.01"]
[SourceVersion "1"]
[SourceVersionDate "2023.06.01"]
[SourceQuality "1"]

1. e4 e5 2. Nf3 Nc6 3. Bb5 d6 4. c3 Nf6 5. h3 g6 6. d3 Bg7 7. O-O O-O 8. Re1
Be6 9. Bg5 Ne7 10. d4 c6 11. Ba4 b5 12. Bc2 Nh5 13. Qd2 Qd7 14. Kh2 f6 15. Be3
f5 16. Bg5 fxe4 17. Ng1 d5 18. Bd1 Nf4 19. Bxf4 Rxf4 20. Na3 Raf8 21. Rf1 exd4
22. cxd4 Qd6 23. Kh1 Nf5 24. Nc2 Ng3+ 25. fxg3 Rxf1 26. Ne3 R1f2 27. Qc3 Qxg3
28. Bg4 Bxg4 29. hxg4 Bh6 0-1

[Event "Central London Minor"]
[Site "London"]
[Date "2022.11.06"]
[Round "4.6"]
[White "Haddock, Paul"]
[Black "Wessels, Hendrik"]
[Result "1/2-1/2"]
[WhiteElo "1418"]
[BlackElo "1709"]
[PlyCount "54"]
[EventDate "2022.11.04"]
[EventType "swiss"]
[EventRounds "5"]
[EventCountry "ENG"]
[SourceTitle "BritBase"]
[Source "John Saunders"]
[SourceDate "2023.06.01"]
[SourceVersion "1"]
[SourceVersionDate "2023.06.01"]
[SourceQuality "1"]

1. e4 e6 2. d4 d5 3. Nd2 c5 4. c3 Nc6 5. Ngf3 Bd7 6. e5 cxd4 7. cxd4 Qb6 8. Nb3
Bb4+ 9. Bd2 Nge7 10. Bd3 Rc8 11. Rc1 Na5 12. Rxc8+ Bxc8 13. Nxa5 Qxa5 14. Bxb4
Qxb4+ 15. Qd2 Nc6 16. a3 Qb6 17. O-O Bd7 18. Bb1 Na5 19. Bd3 Bb5 20. Bxb5+ Qxb5
21. Qc3 Kd7 22. Rc1 Nc6 23. b4 h6 24. Qc5 Qxc5 25. Rxc5 b6 26. Rc3 Rc8 27. Kf1
Ne7 1/2-1/2